Curriculum in the middle years: The second report from the schools council middle years of schooling project department of educational research university of lancaster (Record no. 1374138)

MARC details
000 -LEADER
fixed length control field 00755nam a2200217Ia 4500
005 - DATE AND TIME OF LATEST TRANSACTION
control field 20250508162048.0
008 - FIXED-LENGTH DATA ELEMENTS--GENERAL INFORMATION
fixed length control field 008 250505s9999 xx 000 0 eng d
020 ## - INTERNATIONAL STANDARD BOOK NUMBER
International Standard Book Number 0-423-50250-6
037 ## - SOURCE OF ACQUISITION
Stock number Textual
040 ## - CATALOGING SOURCE
Original cataloging agency FEDL
Language of cataloging eng
Transcribing agency FEDL
041 ## - LANGUAGE CODE
Language code of text/sound track or separate title eng
Source of code eng
084 ## - COLON CLASSIFICATION NUMBER
Classification number 375, SCH
Assigning agency FEDL
100 ## - MAIN ENTRY--PERSONAL NAME
Personal name Ross A M
9 (RLIN) 738574
245 #0 - TITLE STATEMENT
Title Curriculum in the middle years: The second report from the schools council middle years of schooling project department of educational research university of lancaster
260 ## - PUBLICATION, DISTRIBUTION, ETC.
Place of publication, distribution, etc. London, UK
Name of publisher, distributor, etc. Evans Brothers Limited
Date of publication, distribution, etc. 1975
300 ## - PHYSICAL DESCRIPTION
Extent 240p.
546 ## - LANGUAGE NOTE
Language note Schools council working paper 55
700 ## - ADDED ENTRY--PERSONAL NAME
Personal name Razzell A G Badcock E H
9 (RLIN) 772190
942 ## - ADDED ENTRY ELEMENTS (KOHA)
Koha item type Textual
Classification part 375, SCH
Holdings
Withdrawn status Lost status Damaged status Not for loan Home library Current library Date acquired Total Checkouts Full call number Barcode Date last seen Price effective from Koha item type
        Department of Education Library Department of Education Library 2025-05-08   375, SCH EL0064136 2025-05-08 2025-05-08 Textual
Copyright @ Delhi University Library System